21650nam a2204069 450000500170000000800410001702000220005802000220008002000210010202000210012302000210014402000210016502000210018602000210020702000210022802000220024902000220027102000220029302000220031502000250033702000220036202000220038402000220040602000220042802000220045002000220047202000220049402000220051602000230053802000220056102000230058302000220060602000220062802000220065002000220067202000220069402000220071602000220073802000220076002000220078202000220080402000220082602000230084802000220087102000220089302000220091502000220093702000220095902000220098102000220100302000220102502000220104702000220106902000230109102000220111402000220113602000220115802000230118002000230120302000230122602000220124902000220127102000220129302000220131502000220133702000220135902000220138102000220140302000220142502000220144702000220146902000220149102000220151302000220153502000220155702000220157902000220160102000220162302000220164502000220166702000220168902000220171102000220173302000220175502000220177702000220179902000220182102000220184302000220186502000220188702000220190902000220193102000220195302000220197502000220199702000220201902000220204102000220206302000220208502000220210702000220212902000230215102000220217402000230219602000260221902000260224502000260227102000260229702000260232302000260234902000260237505000180240124500260241925000120244526000530245730000190251049000270252950500810255650500940263750500860273150500780281750501050289550501350300050500940313550500980322950500930332750500940342050501590351450500920367350500870376550501430385250500970399550500990409250500790419150500890427050500990435950501300445850500760458850501310466450501020479550500820489750500930497950500960507250500750516850500780524350500980532150500780541950500980549750501080559550500970570350500880580050501360588850501100602450500690613450500710620350500840627450501040635850500960646250500810655850501250663950501050676450501360686950501130700550501490711850501130726750500980738050500950747850501160757350500790768950500950776850500770786350500960794050500790803650500810811550501170819650500480831350500960836150501200845750500870857750500850866450501040874950501130885350501090896650500690907550500990914450500880924350501150933150501280944650500940957450500920966850502570976050501191001750501031013650501271023950500921036650501021045850501021056050501421066250501161080450500941092050500921101450500861110650500851119250501311127750500921140850501081150050500801160850501041168850500831179250500671187550500761194250501051201850500941212350501021221750501531231950501121247250500881258450501061267250501151277850501141289350501141300750501201312150500981324165000241333965000091336365000251337265000381339765100391343565100301347470000421350470000401354670000421358670000351362870000421366370000461370570000381375170000411378970000311383070000321386170000471389370000461394070000421398670000331402870000431406170000351410470000381413970000351417770000381421270000481425070000521429870000311435070000351438170000341441670000401445070000371449070000281452770000401455570000251459570000281462070000371464870000321468570000341471770000371475170000321478870000221482070000291484270000281487170000241489970000371492370000451496070000781500570000451508370000461512870000401517470000461521470000331526070000461529370000441533970000281538370000321541170000541544370000291549770000291552670000311555570000281558670000491561470000461566370000471570970000451575670000241580170000371582570000281586270000351589070000331592570000381595870000361599670000271603270000301605970000291608970000281611870000281614670000311617470000311620570000291623670000251626570000351629070000371632570000341636270000521639670000311644870000311647970000531651070000441656370000491660770000441665670000381670070000191673870000351675770000311679270000311682370000311685470000361688570000421692170000281696370000311699170000301702270000451705270000521709770000331714970000341718270000201721670000331723670000311726970000341730070000341733470000411736870000341740970000301744370000321747370000241750570000511752920220524124807.0161111b sp ||||| |||| 00| 0 spa d a8476351968 (v.1)  a847635195X ( v.2) a8476351909 (v.3) a8476352115 (v.4) a8476351895 (v.5) a8476352034 (v.6) a8476352042 (v.7) a8476352050 (v.8) a8476351976 (v.9) a8476352174 (v.12) a8476352182 (v.13) a8476352190 (v.14) a8476352204 (v.15) a9788476352212 (v.16) a8476352220 (v.17) a8476352239 (v.18) a8476352247 (v.19) a8476352255 (v.20) a8476352263 (v.21) a8476352336 (v.22) a8476352352 (v.24) a8476352360 (v.25) a8476352379 (v.26)  a8476352409 (v.27) a847635245X (v.28)  a8476352549 (v.29) a8476352565 (v.30) a8476352530 (v.31) a8476352557 (v.32) a8476352573 (v.33) a8476352581 (v.34) a8476352603 (v.35) a8476352611 (v.36) a8476352697 (v.37) a8476352700 (v.38) a8476352719 (v.39) a8476352727 ( v.40) a8476352735 (v.41) a8476352743 (v.42) a8476352751 (v.43) a847635276X (v.44) a8476352859 (v.45) a8476352867 (v.46) a8476352875 (v.47) a8476352972 (v.48) a8476352980 (v.49) a8476352999 (v.50) a84763530006 (v.51) a8476353081 (v.52) a847635309X (v.53) a8476353103 (v.54) a847635455X ( v.55) a8476353235 ( v.56) a8476353286 ( v.57) a8476353308 (v.58) a8476353316 (v.59) a8476353375 (v.60) a847635343X (v.61) a8476353421 (v.62) a8476353499 (v.64) a8476353448 (v.65) a8476353693 (v.66) a8476353707 (v.67) a8476353715 (v.68) a8476353723 (v.69) a8476353766 (v.70) a8476353987 (v.71) a8476354010 (v.72) a8476354053 (v.73) a8476354061 (v.74) a8476354088 (v.75) a8476354096 (v.76) a847635410X (v.77) a847635407X (v.78) a8476354118 (v.79) a8476354169 (v.80) a8476354231 (v.81) a8476354312 (v.82) a8476354398 (v.83) a8476354401 (v.84) a8476354509 (v.85) a8476354517 (v.86) a8476354541 (v.87) a8476354541 (v.88) a8476354762 (v.89) a8476354053 (v.90) a8476354770 (v.91) a8476354835 (v.92) a8476354991 (v.93) a8476355181 (v.94) a8476355327 (v.95) a8476355394 (v.96) a8476355513 (v.97) a847635553X (v.98) a8476355521 (v.99) a8476355505 (v.100) a847635556 (v.101) a8476356234 (v.102) a9788476357279 (v.103) a9788476357699 (v.104) a9788476357705 (v.105) a9788476357774 (v.106) a9788476357804 (v.107) a9788476357897 (v.108) a9788476358207 (V.115)04aC40bC83 199600aCuadernos de historia a1a ed.  aMadrid, España : bArcos Libros, S.L., c1996. av. ; c21 cm.  aCuadernos de Historia 81aContenido : gv.1tEpigrafía y lengua ibérica r/ Javier Velaza Frías aContenido : gv.2tLos jerarcas soviéticos : de Lenin a Gorbachovr/ Carlos Taibo Arias aContenido : gv.3tEl Imperio en la Europa Medieval r/ Máximo Diago Hernando  aContenido : gv.4tLos primeros europeos r/ Mario Menéndez Fernández aContenido : gv.5tDemografía y sociedad en la España de los Austrias r/ Alfredo Alvar Ezquerra aContenido : gv.6tLas ciudades de la Corona de Castilla en la Baja Edad Media : (siglos XVIII al XV)r/ Manuel F. Ladero Quesada aContenido : gv.7tLas universidades en la Edad Media r/ Ma. del Pilar Rábade Obradó aContenido : gv.8tEl ejército de la República romanar/ José Manuel Roldán Hervás aContenido : gv.9tAldea y ciudad en la antigüedad hispanar/ Julio Mangas Manjarrés aContenido : gv.12tLa construcción de la Unión Europear/ Eduardo Vilariño Pintos  aContenido : gv.13tTécnicas arqueologícas sobre actividades de subsistencia en la prehistoria r/ Eulália Colomer, Sandra Montón, Raquel Pique.  aContenido : gv.14tLas ciudades en el Occidente Medieval r/ María Asenjo González aContenido : gv.15tHistoria de Asia en la Edad Moderna r/ Carlos Martínez Shaw aContenido : gv.16tEl juicio de Nuremberg, cincuenta años despuésr/ Antonio Fernández García, José Luis Rodríguez Jiménez. aContenido : gv.17tNobleza y caballería en la Edad Media r/ Ma. Concepción Quintanilla aContenido : gv.18tLos griegos en la Península Ibérica r/ Adolfo J. Domínguez Monedero aContenido : gv.19tEl Pontificado Medieval r/ José Manuel Nieto Soria  aContenido : gv.20tLa familia en la Edad Moderna r/ Ángel Rodríguez Sánchez  aContenido : gv.21tLos orígenes del problema de Palestina r/ José U. Martínez Carrera  aContenido : gv.22tCataluña : De la Unión de Coronas a la Unión de Armas, (1479-1626)r/ José U. Martínez Carrera  aContenido : gv.23tLa Alemania de Bismarckr/ Ingrid Schulze Schneider aContenido : gv.24tLos monjes y la cristianización de Europar/ Margarita Cantera Montenegro, Santiago Canteras Montenegro  aContenido : gv.25tEcología en la Antigüedad clásica r/ Juan Francisco Rodríguez Neila  aContenido : gv.26tEl Portugal de Salazar r/ Hipólito de la Torre Gómez aContenido : gv.27tFilipo, Alejandro y el mundo helenísticor/ Raquel López Melero  aContenido : gv.28tLos orígenes de la Guerra Fría r/ Juan Carlos Pereira Castañares aContenido : gv.29tEl tejido en época romanar/ Carmen Alfaro Giner aContenido : gv.30tLa unión Monetaria Europea r/ Joaquín Pi Anguita aContenido : gv.31tRoma y la urbanización de Occidente r/ Cristóbal González Román  aContenido : gv.32tLa geografía antigua r/ Vasilis Tsiolis Karantasi  aContenido : gv.33tLa Revolución de los Claveles en Portugalr/ Josep Sánchez Cervelló aContenido : gv.34tLa Inglaterra victoriana : política y sociedad r/ Rosario de la Torre del Río  aContenido : gv.35tLos renacimientos de la filosofía medieval r / Sergio Rábade Romeo  aContenido : gv.36tLa agricultura en la Edad Mediar / Enrique Cantera Montenegro  aContenido : gv.37tHistoria de la Inquisición Española (1478-1834) : Herejías, delitos representación r / Jaime Contreras aContenido : gv.38tLa desamortización en España : un balance (1766-1924)r / Germán Rueda Hernandz aContenido : gv.39tLa antigua Esparta r / Juan Miguel Casillas aContenido : gv.40tEl nacionalismo gallegor / Justo G. Beramendi aContenido : gv.41tLa Sociedad de Naciones r / José Luis Neila Hernández  aContenido : gv.42tEl ejército español en el Desastre de 1898 r / Rafael Núñez Florencio  aContenido : gv.43tLa propaganda en las guerras del siglo XXr/ Gema Iglesias Rodríguez  aContenido : gv.44tEl desastre naval de 1898r/ A.R. Rodríguez González aContenido : gv.45tLa industria y el comercio de productos textiles en Europa siglo XI al XVr/ Máximo Diago Hernando aContenido : gv.46tEl tiempo en Arqueología r/ Paloma González Marcén, Marina Picazo Gurina  aContenido : gv.47tBudapest, 1956 : Análisis de un movimiento popular en el planetario soviéticor/ Estíbaliz Ruiz de Azúa aContenido : gv.48tLa organización institucional de la iglesia en la Edad Media r/ Jorge Díaz Ibañez aContenido : gv.49tLas Órdenes religiosas en la iglesia medieval siglo XIII a XVr/ Margarita Cantera Montenegro, Santiago Cantera Montenegro aContenido : gv.50tEjércitos y actividades guerreras en la Edad Media europea r/ Francisco García Fitz aContenido : gv.51tLas grandes potencias ante la guerra de Españar/ Juan Áviles Farré aContenido : gv.52tLa Corona de Aragón en la Edad Moderna r/ Gregorio Colás Latorre  aContenido : gv.53tLa historia contemporánea en la novela r/ Isabel Belmonte López, Ruth Betegón Díez aContenido : gv.54tLa ilustración españolar/ Antonio Mestre Sanchis  aContenido : gv.55tLos judíos en la Edad Media Española r/ I. Montes Romero-Camacho  aContenido : gv.56tLa caza en la prehistoria r/ J. M. Quesada López  aContenido : gv.57tLas Órdenes Militares en la Edad Media r/ Carlos de Ayala Martínez aContenido : gv.58tEl mediterráneo Medievalr/ José Hinojosa Montalvo aContenido : gv.59tEl nacionalismo catalán (1800-1939)r/ Joan Roig Obiol aContenido : gv.60tCine e historia : las imágenes de la historia reciente r/ Emilio C. García Fernández  aContenido : gv.61tVivir en la edad media  aContenido : gv.62tLos campesinos en la sociedad medieval r/ Mercedes Borrero Fernández aContenido : gv.63tDerechos humanos y comunismo r/ R.M. Martín de la Guardia, Guillermo Á. Pérez Sánchez  aContenido : gv.64tLa munificencia cívica en el mundo r/ Enrique Melchor Gil aContenido : gv.65tMujer y trabajo en el siglo XXr/ Rosa Ma. Capel Mártinez  aContenido : gv.66tLa emigración española a Europa en el siglo XXr/ J. B. Vilar, Ma. J. Vilar aContenido : gv.67tLa emigración española al norte de África (1830-1999)r/ J. B. Vilar, Ma. J. Vilar aContenido : gv.68tLa influencia del clima en la historiar/ Jorge Olcina Cantos, Javier Martín Vide  aContenido : gv.69tLos pueblos celtas r/ Maria Luisa Cerdeño aContenido : gv.70tLos pronunciamientos en la España del siglo XIXr/ José Cepeda Gómez aContenido : gv.71tLa España de Carlos IV (1788-1808)r/ Enrique Martínez Ruiz aContenido : gv.72tLas provincias unidas y la Monarquía Hispánica (1588-1702)r/ Manuel Herrero Sánchez aContenido : gv.73tEl empeño de Heracles (La exploración del Atlántico en la Antigüedad)r/ Fernando López Pardo aContenido : gv.74tPortugal y la Monarquía Hispánica, 1580-1668r/ Rafael Valladares aContenido : gv.75tEl conflicto del próximo orienter/ José U. Martínez Carrera aContenido : gv.76tLa seducción del papel : el libro y la lectura en la España del siglo de oror/ José Manuel Prieto BernabéaContenido : gv.77tJapón en el siglo XX : de imperio militar a potencia económicar/ Luis E. Togores Sánchez aContenido : gv.78tLas alteraciones monetarias en Europa durante la Edad Modernar/ Elena María García Guerra aContenido : gv.79tLas herejías medievales de Oriente y Occidenter/ Emilio Mitre Fernández  aContenido : gv.80tCatólica y latina : la cristiandad occidental entre los siglos IV y XVIIr/ Miguel-A Ladero Quesada  aContenido : gv.81tEl nacionalismo Vasco (1876-1975)r/ José Luis de la Granja Sainz aContenido : gv.82tEspañoles emigrantes en América (Siglos XVI-XX)r/ Germán Rueda Hernanz aContenido : gv.83tEl humanismo renacentista : de Petrarca a Erasmor/ Luis Fernández Gallardo aContenido : gv.84tLa conquista del Atlántico : navegación, colonizaciones comercio en los siglos VI al XVr/ Rafael Sánchez Saus aContenido : gv.85tLas Órdenes militares castellanas en al edad modernar/ José Ignacio Ruiz Rodríguez  aContenido : gv.86tLeyes coloniales y municipales de la Hispania romanar/ Julio Mangas  aContenido : gv.87tLa ONUr/ Juan C. Pereira Castañares, Pedro A. Martínez Lillo  aContenido : gv.88tEl exilio español (1808-1975)r/ Consuelo Soldevilla Oria  aContenido : gv.89tLos Balcanes ante el siglo XXIr/ Emilio de Diego García  aContenido : gv.90tFascimo, Neofacismo y Extrema Derecha r/ Antonio Fernández García, José Luis Rodríguez Jiménez  aContenido :gv.91tLos primeros colonizadores del Nuevo Mundor/ J. M. Quesada López  aContenido : gv.92tEl poder de la propaganda en las guerras del siglo XIXr/ Ingrid Schulze Schneider  aContenido : gv.93tEl terrorismo en Europar/ Eduardo González Calleja  aContenido : gv.94tMesta y trashumancia en Castilla (siglo XIII a XIX)r/ Máximo Diago Hernando  aContenido : gv.95tEspacios del hombre medieval r/ Miguel-A. Ladero Quesada  aContenido : gv.96tLos carlistas r/ Antonio M. Moral Roncal  aContenido : gv.97tLos golpes de Estador/ Eduardo González Calleja  aContenido : gv.98tLa otra humanidad : La Europa de los neandertalesr/ Luis Gerardo Vega Toscano  aContenido : gv.99tLos conversos en España y Portugal r/ Juan Ignacio Pulido Serrano  aContenido : gv.100tGlobalización neoliberal y hegemonía de Estados Unidos r/ Carlos Taibo  aContenido : gv.101tHistoria de la Unión Europea : de los seis a la ampliación al Ester/ R. Martín de la Guardia, G. Á. Pérez Sánchez  aContenido : gv.102tArqueología cognitiva : Origen del simbolismo humano r/ Ángel Rivera Arrizabalaga aContenido : gv.103tLa India medieval : Siglos VI-XVr/ Javier Pérez-Embid Wamba aContenido : gv.104tFranco/Hitler 1940 : de la gran tentación al gran engañor/ Manuel Ros Agudo aContenido : gv.105tLa ayuda de Mossolini a Franco en la Guerra civil españolar/ José Manuel Campos Rizo aContenido : gv.106tLa China imperial en su contexto medieval : (siglos III-XVII)r/ Jorge Díaz Ibáñez aContenido : gv.107tLa lectura en la España contemporánear/ Raquel Sánchez García, Ana Martinez Rus aContenido : gv.108tMéxico en el siglo XX : del Porfiriato a la globalización r/ Agustín Sánchez Andrés aContenido : gv. 115tLa independencia de México, 1810-1821r/ Agustín Sánchez Andrés 72LEMBaLexicología 72LEMB 72LEMBaLexicografía 72LEMBaLiderazgo políticozRusia 72LEMBaRusiaxPolítica y gobierno 72LEMB aEuropa xHistoria 1 aVelaza Frías, Javier, d[1963 - ]1 aTaibo Arias, Carlos, d[1956- ]1 aDiago Hernando, Máximod[1963- ]1 aMenéndez Fernández, Mario.1 aAlvar Ezquerra, Alfredo, d[1960- ]1 aLaredo Quesada, Manuel F. ,d[1957- ]1 aRábade Obradó, Ma. del Pilar.1 aRoldán Hervás, José Manuel. 1 aMangas Manjarrés, Julio.1 aVilariño Pintos, Eduardo.1 aColomer i Solsona, Eulàlia, d[1967- ]1 aMotón i Subías, Sandra, d[1965- ]1 aPique i Huerta, Raquel, d[1964- ]1 aAsenjo González, María. 1 aMártinez Shaw, Carlos., d[1945- ]1 aFernández García, Antonio.1 aRodríguez Jiménez, José L. 1 aQuintanilla, Ma. Concepción.1 aDomínguez Monedero, Adolfo J. 1 aNieto Soria, José Manuel, d[1958- ]1 aRodríguez Sánchez, Ángel, d[1944- ]1 aSchulze Schneider, Ingrid.1 aCantera Montenegro, Margarita.1 aCantera Montenegro, Santiago.1 aRodríguez Neila, Juan Francisco. 1 ade la Torre Gómez, Hipólito.1 aLópez Melero, Raquel.1 aPereira Castañares, Juan Carlos. 1 aCarmen Alfaro Giner.1 aPi Anguita, Joaquín. 1 aGonzález Román, Cristóbal.1 aKarantasi, Vasilis Tsiolis.1 aSánchez Cervelló, Josep. 1 4de la Torre del Río, Rosario.1 aEnrique Cantera Montenegro.1 aContreras, Jaime.1 aRueda Hernandz Germán.1 aCasillas, Juan Miguel. 1 aBeramendi, Justo G.1 aNeila Hernández, José Luis. 1 aIglesias Rodríguez, Gema,d[1963- ]1 aRodríguez González, A.R. q[Agustín Ramón Rodríguez González]1 aDiago Hernando, Máximo, d[1963- ]1 aGonzález Marcén, Paloma,d[1962- ]1 aPicazo Gurina, Marina,d[1947- ]1 aRuiz de Azúa y Martínez, Estíbaliz.1 4Iglesias Rodríguez, Gema. 1 aDíaz Ibañez, Jorge, d[1968- ] 1 aGarcía Fitz, Francisco,d[1961- ]1 aÁviles Farré, Juan.1 aColás Latorre, Gregorio. 1 aBelmonte López, Isabel, Betegón Díez, Ruth.1 aMestre Sanchis, Antonio.1 aMestre Sanchis, Antonio.1 aRomero-Camacho, I. Montes.1 aQuesada López, J. M. 1 aAyala Martínez, Carlos de, d[1957- ]1 aHinojosa Montalvo, José, d[1947- ]1 aAyala Martínez, Carlos de.d[1957- ]1 aHinojosa Montalvo, José,d[1947- ]1 aRoig Obiol, Joan. 1 aGarcía Fernández, Emilio C. 1 aAznar Vallejo, Eduardo.1 aBorrero Fernández, Mercedes.1 ade la Guardia Martín, R.M.1 aPérez Sánchez, Guillermo Á.1 aVilar, Juan B., d[1941- ]1 aVilar, María José.1 a/ Olcina Cantos, Jorge, 1 aMartín Vide, Javier. 1 aCerdeño, Maria Luisa.1 aCepeda Gómez, José.1 aMartínez Ruiz, Enrique. 1 aHerrero Sánchez, Manuel.1 aLópez Pardo, Fernando.1 aValladares, Rafael. 1 aMartínez Carrera, José U. 1 aPrieto Bernabé, José Manuel 1 aTogores Sánchez, Luis E. , 1 aGarcía Guerra, Elena María, d[1966- ]1 aMitre Fernández, Emilio.1 aLadero Quesada, Miguel-A 1 ade la Granja Sainz, José Luis, d[1954- ]1 aRueda Hernanz, Germán,d[1950- ]1 aFernández Gallardo, Luis, d[1962- )1 aSánchez Saus, Rafael,d[1956- ]1 aRuiz Rodríguez, José Ignacio.1 aMangas, Julio.1 aPereira Castañares, Juan C. 1 aMartínez Lillo, Pedro A.1 aSoldevilla Oria, Consuelo.1 ade Diego García, Emilio.1 aFernández García, Antonio. 1 aRodríguez Jiménez, José Luis. 1 aQuesada López, J. M. 1 aSchulze Schneider, Ingrid.1 aLadero Quesada, Miguel-A.1 aMoral Roncal, Antonio M. d[1965- ]1 aGonzález Calleja, Eduardo,d[1962- ]1 aVega Toscano, Luis Gerardo. 1 aPulido Serrano, Juan Ignacio.1 aTaibo, Carlos. 1 ade la Guardia, R. Martín. 1 aPérez Sánchez, G.Á. 1 aRivera Arrizabalaga, Ángel.1 a Pérez-Embid Wamba, Javier.1 aRos Agudo, Manuel, d[1962- ] 1 aCampos Rizo, José Manuel. 1 aDíaz Ibáñez, Jorge.1 aSánchez García, Raquel.1 aMartinez Rus, Ana. 1 aSánchez Andrés, Agustín,d[1967- ]